000 00346cam a2200121 i 4500
020 _a9781466587892 (hardcover : alk. paper)
050 0 0 _aHD 69
_b.P75W55
100 1 _aWills, Kerry R.
245 1 0 _aApplying guiding principles of effective program delivery /
_cKerry R. Wills.
300 _a 229 pages ;
650 0 _xManagement.
942 _2lcc
_cGEN
999 _c5588
_d5588